Central Library OPAC University of Rajshahi

Reaching health for all / (Record no. 60000)

MARC details
000 -LEADER
fixed length control field 01254nam a2200385 a 4500
001 - CONTROL NUMBER
control field 60000
003 - CONTROL NUMBER IDENTIFIER
rucl marc code BD-RjUL
005 - DATE AND TIME OF LATEST TRANSACTION
control field 20211209080808.0
008 - FIXED-LENGTH DATA ELEMENTS--GENERAL INFORMATION
fixed length control field 161228s1993 ii a b 000 0 eng d
020 ## - INTERNATIONAL STANDARD BOOK NUMBER
International Standard Book Number 0195632362
035 ## - SYSTEM CONTROL NUMBER
System control number (BD-RjUL)60124
System control number (OCoLC)28745743
040 ## - CATALOGING SOURCE
Original cataloging agency DJBF
Transcribing agency DJBF
Modifying agency CoU-M
-- Uk
-- BD-RjUL
Language of cataloging eng
041 ## - LANGUAGE CODE
Language code of text/sound track or separate title eng
082 00 - DEWEY DECIMAL CLASSIFICATION NUMBER
Classification number 362.1
Edition number 23
Author mark and year REA 1993
245 00 - TITLE STATEMENT
Title Reaching health for all /
Statement of responsibility, etc. edited by Jon Rohde, Meera Chatterjee, David Morley ; illustrated by Stephen Marazzi.
260 ## - PUBLICATION, DISTRIBUTION, ETC. (IMPRINT)
Place of publication, distribution, etc. Delhi ;
-- New York :
Name of publisher, distributor, etc. Oxford University Press,
Date of publication, distribution, etc. 1993.
300 ## - PHYSICAL DESCRIPTION
Pagination xv, 524 p. ;
Illustrations ill. ;
Size 22 cm.
650 #0 - SUBJECT ADDED ENTRY--TOPICAL TERM
Topical term or geographic name as entry element Health planning.
9 (RLIN) 178492
Topical term or geographic name as entry element Medical policy.
9 (RLIN) 178506
Topical term or geographic name as entry element Public health.
9 (RLIN) 171535
Topical term or geographic name as entry element Medical care.
9 (RLIN) 178507
Topical term or geographic name as entry element Health Planning.
9 (RLIN) 178492
Topical term or geographic name as entry element Health Policy.
9 (RLIN) 178508
Topical term or geographic name as entry element Public Health.
9 (RLIN) 171535
Topical term or geographic name as entry element World Health.
9 (RLIN) 171534
Topical term or geographic name as entry element Health Promotion.
9 (RLIN) 178509
Topical term or geographic name as entry element Developing Countries.
9 (RLIN) 172297
653 0# - INDEX TERM--UNCONTROLLED
Uncontrolled term Developing countries
-- Health
700 1# - ADDED ENTRY--PERSONAL NAME
Personal name Rohde, Jon E.
Personal name Chatterjee, Meera.
Personal name Morley, David,
Dates associated with a name 1923-2009.
942 ## - ADDED ENTRY ELEMENTS (KOHA)
Source of classification or shelving scheme Dewey Decimal Classification
Koha item type Books
Holdings
Lost status Source of classification or shelving scheme Damaged status Not for loan Collection code Permanent Location Current Location Shelving location Date acquired Source of acquisition Total Checkouts Full call number Date last seen Copy number Koha item type
  Dewey Decimal Classification   Not For Loan Non-fiction Central Library, University of Rajshahi Central Library, University of Rajshahi Reading Room 03/03/1998 Unicef   362.1 REA 1993 28/12/2016 C-1 Books